[Event "Titled Tuesday intern op 07th Feb Late"]
[Site "Chess.com INT"]
[Date "2023.02.07"]
[Round "3"]
[White "Gardezi, Arsal"]
[Black "Sonnenschein, Philipp"]
[Result "1/2-1/2"]
[WhiteElo "2081"]
[BlackElo "2221"]
[PlyCount "62"]
[EventDate "2023.02.07"]
[EventType "swiss (blitz)"]
[EventRounds "11"]
[EventCountry "USA"]
[SourceTitle "EXT 2024"]
[Source "ChessBase"]
[SourceDate "2023.10.10"]
[SourceVersion "1"]
[SourceVersionDate "2023.10.10"]
[SourceQuality "1"]

1. Nf3 g6 2. g3 Bg7 3. Bg2 e5 4. 0-0 d5 5. d3 c5 6. Nbd2 Nc6 7. e4 d4 8. Re1 Nge7 9. a4 0-0 10. Nc4 Qc7 11. c3 h6 12. Bd2 Be6 13. Na3 Rfd8 14. Qc2 Rac8 15. Rac1 Qb8 16. Qb1 a6 17. b4 dxc3 18. Bxc3 cxb4 19. Bxb4 Nxb4 20. Qxb4 Nc6 21. Qb1 Qd6 22. Qxb7 Rc7 23. Qxa6 Qxa3 24. Rxc6 Rxc6 25. Qxc6 Qxd3 26. a5 Bg4 27. Qc7 Re8 28. Re3 Qd1+ 29. Re1 Qd3 30. Re3 Qd1+ 31. Re1 Qd3 1/2-1/2

[Event "Titled Tuesday intern op 07th Feb Late"]
[Site "Chess.com INT"]
[Date "2023.02.07"]
[Round "9"]
[White "Mione, Dario"]
[Black "Sonnenschein, Philipp"]
[Result "0-1"]
[WhiteElo "2228"]
[BlackElo "2221"]
[PlyCount "88"]
[EventDate "2023.02.07"]
[EventType "swiss (blitz)"]
[EventRounds "11"]
[EventCountry "USA"]
[SourceTitle "EXT 2024"]
[Source "ChessBase"]
[SourceDate "2023.10.10"]
[SourceVersion "1"]
[SourceVersionDate "2023.10.10"]
[SourceQuality "1"]

1. Nf3 g6 2. g3 Bg7 3. Bg2 Nf6 4. d4 d5 5. 0-0 0-0 6. c4 dxc4 7. Ne5 Nc6 8. Nxc6 bxc6 9. Bxc6 Bh3 10. Bg2 Bxg2 11. Kxg2 Qd5+ 12. f3 Rfd8 13. Be3 Rab8 14. Qc1 e5 15. Nc3 Qe6 16. dxe5 Qxe5 17. Bf4 Qa5 18. e4 Qb6 19. Rf2 Rd3 20. Be5 Rbd8 21. Bxf6 Bxf6 22. Nd5 Qc6 23. Nxf6+ Qxf6 24. Qxc4 Rxf3 25. Raf1 Rxf2+ 26. Rxf2 Qe7 27. b3 Re8 28. Rf4 c5 29. h4 h5 30. Kf3 Kg7 31. Qc3+ f6 32. Qc4 Qe5 33. Kg2 Rd8 34. Rf2 Rd4 35. Qc2 Rxe4 36. Kh2 Re3 37. Rg2 Qd5 38. Qf2 Qe5 39. Qc2 f5 40. Qc4 Kf6 41. Qa6+ Qe6 42. Qxa7 f4 43. Qc7 fxg3+ 44. Rxg3 Re2+ 0-1

[Event "Titled Tuesday intern op 07th Feb Late"]
[Site "Chess.com INT"]
[Date "2023.02.07"]
[Round "5"]
[White "Olsson, William"]
[Black "Sonnenschein, Philipp"]
[Result "1-0"]
[WhiteElo "2361"]
[BlackElo "2221"]
[PlyCount "139"]
[EventDate "2023.02.07"]
[EventType "swiss (blitz)"]
[EventRounds "11"]
[EventCountry "USA"]
[SourceTitle "EXT 2024"]
[Source "ChessBase"]
[SourceDate "2023.10.10"]
[SourceVersion "1"]
[SourceVersionDate "2023.10.10"]
[SourceQuality "1"]

1. c4 e6 2. Nf3 d5 3. g3 dxc4 4. Bg2 a6 5. 0-0 Nf6 6. a4 Nc6 7. Na3 Na5 8. Qc2 Qd5 9. Rd1 Qc5 10. d4 cxd3 11. Qxd3 Be7 12. Be3 Qb4 13. Bd2 Qb6 14. b4 Nc6 15. Nc4 Qa7 16. b5 Nd8 17. Bb4 Bd7 18. Bxe7 Kxe7 19. Nce5 Bc8 20. Qa3+ Ke8 21. Rxd8+ Kxd8 22. Nxf7+ Ke8 23. Nxh8 Ng4 24. e3 axb5 25. Qb4 Nf6 26. Ng5 bxa4 27. Nhf7 Bd7 28. Ne5 Qa5 29. Qxa5 Rxa5 30. Nxd7 Kxd7 31. Ne4 Nd5 32. h4 b5 33. Bf1 b4 34. Rxa4 Rxa4 35. Bb5+ Ke7 36. Bxa4 Nb6 37. Bb3 e5 38. Kf1 Kd7 39. Ke2 Kc6 40. Kd3 Kb5 41. Bf7 c5 42. Be8+ Ka5 43. Nxc5 Nd5 44. Bf7 Nf6 45. Nb3+ Ka4 46. e4 Ng4 47. Ke2 Nf6 48. Nc5+ Ka3 49. f3 h6 50. g4 Nh7 51. Nd3 b3 52. Bxb3 Kxb3 53. Nxe5 Kc3 54. Ke3 Kb4 55. g5 hxg5 56. h5 Kc5 57. Nf7 Kc6 58. e5 Kd7 59. Ke4 Ke6 60. Nd8+ Kd7 61. Nf7 Ke6 62. Nd8+ Kd7 63. Nb7 Kc6 64. Na5+ Kd7 65. Nb3 Ke7 66. Kf5 Kf7 67. Nd4 Nf8 68. e6+ Ke7 69. Nc6+ Ke8 70. e7 1-0

[Event "Titled Tuesday intern op 07th Feb Late"]
[Site "Chess.com INT"]
[Date "2023.02.07"]
[Round "11"]
[White "Rian, Kapriaga"]
[Black "Sonnenschein, Philipp"]
[Result "1-0"]
[WhiteElo "2089"]
[BlackElo "2221"]
[PlyCount "121"]
[EventDate "2023.02.07"]
[EventType "swiss (blitz)"]
[EventRounds "11"]
[EventCountry "USA"]
[SourceTitle "EXT 2024"]
[Source "ChessBase"]
[SourceDate "2023.10.10"]
[SourceVersion "1"]
[SourceVersionDate "2023.10.10"]
[SourceQuality "1"]

1. d4 Nf6 2. Nf3 d5 3. Bf4 c5 4. e3 Nc6 5. Nbd2 cxd4 6. exd4 Bf5 7. Be2 e6 8. 0-0 Bd6 9. Bxd6 Qxd6 10. c3 0-0 11. Nh4 h6 12. Nxf5 exf5 13. Bd3 g6 14. Re1 Rfe8 15. Qb3 b6 16. Bb5 Ne4 17. Nf3 Re6 18. Bxc6 Qxc6 19. Ne5 Qd6 20. Qa4 Re7 21. Qc6 Qxc6 22. Nxc6 Rd7 23. f3 Nf6 24. Re5 a5 25. b4 axb4 26. cxb4 Ra3 27. Re2 Kg7 28. Rc1 Rc7 29. Rcc2 Nd7 30. b5 Nf8 31. Ne7 Rxc2 32. Rxc2 Ra5 33. Rb2 Ne6 34. Nxd5 Nxd4 35. Nxb6 Rxb5 36. Rxb5 Nxb5 37. a4 Nc7 38. a5 Kf6 39. Na4 Na6 40. Kf2 Ke5 41. Ke3 Kd5 42. Kd3 Nb4+ 43. Kc3 Na6 44. Kd3 Nb4+ 45. Kc3 Na6 46. Nb6+ Kc6 47. Nc4 Kd5 48. Nb6+ Kc6 49. Kc4 h5 50. Nd5 Nb8 51. Nb4+ Kb7 52. Kb5 g5 53. a6+ Ka8 54. Kb6 g4 55. Nc6 Nd7+ 56. Kc7 Nc5 57. a7 Nd3 58. Kb6 Ne1 59. Nb4 gxf3 60. Nd5 f2 61. Nc7# 1-0

[Event "Titled Tuesday intern op 07th Feb Late"]
[Site "Chess.com INT"]
[Date "2023.02.07"]
[Round "6"]
[White "Sonnenschein, Philipp"]
[Black "Floresvillar Gonzalez, Luis Miguel"]
[Result "1-0"]
[WhiteElo "2221"]
[BlackElo "2075"]
[PlyCount "111"]
[EventDate "2023.02.07"]
[EventType "swiss (blitz)"]
[EventRounds "11"]
[EventCountry "USA"]
[SourceTitle "EXT 2024"]
[Source "ChessBase"]
[SourceDate "2023.10.10"]
[SourceVersion "1"]
[SourceVersionDate "2023.10.10"]
[SourceQuality "1"]

1. e4 c6 2. d4 d5 3. e5 Bf5 4. h4 h5 5. Bd3 Bxd3 6. Qxd3 e6 7. Bg5 Qa5+ 8. Nd2 Qa6 9. c4 dxc4 10. Nxc4 Bb4+ 11. Kf1 Nh6 12. Nf3 Nf5 13. g3 0-0 14. Kg2 Re8 15. a3 Bf8 16. Rac1 Nd7 17. Qe4 Nb6 18. Ne3 Nxe3+ 19. fxe3 Qe2+ 20. Kh3 Qxb2 21. Rcf1 Qe2 22. Bf4 Nd5 23. Ng5 g6 24. Rf3 Nc3 25. Rh2 Qxh2+ 26. Kxh2 Nxe4 27. Nxe4 Bg7 28. Bg5 b5 29. Nd6 Rf8 30. Be7 a5 31. Bxf8 Rxf8 32. Rf2 b4 33. axb4 axb4 34. Rc2 b3 35. Rxc6 Rb8 36. Rc1 b2 37. Rb1 Bf8 38. Nc4 Be7 39. Rxb2 Rc8 40. Nd6 Bxd6 41. exd6 Rd8 42. Rb6 f5 43. Kg2 Kf7 44. Kf3 Rd7 45. Kf4 Kf6 46. e4 fxe4 47. Kxe4 g5 48. hxg5+ Kxg5 49. Ke5 Kg4 50. Kxe6 Rh7 51. d7 Rh8 52. Rb3 Rh6+ 53. Ke7 Rh7+ 54. Kd6 Rh6+ 55. Kc7 Rh7 56. Kc8 1-0

[Event "Titled Tuesday intern op 17th Jan Early"]
[Site "Chess.com INT"]
[Date "2023.01.17"]
[Round "7"]
[White "Musat, Adrian"]
[Black "Sonnenschein, Philipp"]
[Result "1-0"]
[WhiteElo "2378"]
[BlackElo "2221"]
[PlyCount "59"]
[EventDate "2023.01.17"]
[EventType "swiss (blitz)"]
[EventRounds "11"]
[EventCountry "USA"]
[SourceTitle "CBM 212 Extra"]
[Source "ChessBase"]
[SourceDate "2023.03.31"]
[SourceVersion "1"]
[SourceVersionDate "2023.03.31"]
[SourceQuality "1"]

1. d4 Nf6 2. Bf4 d5 3. Nf3 c5 4. e3 Nc6 5. Nbd2 cxd4 6. exd4 Bf5 7. c3 e6 8. Bb5 Bd6 9. Bxd6 Qxd6 10. Ne5 0-0 11. Bxc6 bxc6 12. 0-0 Nd7 13. Nxd7 Qxd7 14. Nb3 f6 15. Nc5 Qe7 16. Qf3 Bg6 17. Rfe1 e5 18. Qg3 Rfe8 19. b4 a5 20. h3 Ra7 21. a3 axb4 22. axb4 Rxa1 23. Rxa1 exd4 24. cxd4 Qe2 25. Qc7 Bf7 26. Ra7 Rf8 27. Nd7 Qe7 28. Nxf8 Qxf8 29. Qxc6 h5 30. Ra8 1-0

[Event "Titled Tuesday intern op 17th Jan Early"]
[Site "Chess.com INT"]
[Date "2023.01.17"]
[Round "9"]
[White "Sonnenschein, Philipp"]
[Black "Samaganova, Alexandra"]
[Result "0-1"]
[WhiteElo "2221"]
[BlackElo "1856"]
[PlyCount "90"]
[EventDate "2023.01.17"]
[EventType "swiss (blitz)"]
[EventRounds "11"]
[EventCountry "USA"]
[SourceTitle "CBM 212 Extra"]
[Source "ChessBase"]
[SourceDate "2023.03.31"]
[SourceVersion "1"]
[SourceVersionDate "2023.03.31"]
[SourceQuality "1"]

1. e4 c5 2. Nf3 e6 3. d4 cxd4 4. Nxd4 a6 5. a3 Qc7 6. c4 Nf6 7. Nc3 b6 8. Be3 Bb7 9. f3 d6 10. Rc1 Nbd7 11. Qd2 Rc8 12. Be2 Be7 13. 0-0 0-0 14. b4 Qb8 15. Rfd1 Bd8 16. Kh1 Bc7 17. Bg1 Rfe8 18. Nb3 d5 19. cxd5 exd5 20. exd5 Bf4 21. Qd3 Bxc1 22. Rxc1 Ne5 23. Qf5 Nxd5 24. Nxd5 Bxd5 25. Rxc8 Qxc8 26. Nd4 Bc4 27. Bxc4 Qxf5 28. Nxf5 Nxc4 29. a4 Re1 30. h4 Rb1 31. Ne7+ Kf8 32. Nd5 Ra1 33. Kh2 Rxa4 34. Nxb6 Nxb6 35. Bxb6 Ke8 36. Bc5 Kd7 37. Kg3 Kc6 38. Kf4 a5 39. Ke5 axb4 40. Bd4 b3 41. Bc3 Ra2 42. f4 b2 43. Bxb2 Rxb2 44. f5 Rb5+ 45. Kf4 f6 0-1

[Event "Titled Tuesday intern op 17th Jan Early"]
[Site "Chess.com INT"]
[Date "2023.01.17"]
[Round "8"]
[White "Sonnenschein, Philipp"]
[Black "Sovetbekova, Nurai"]
[Result "1-0"]
[WhiteElo "2221"]
[BlackElo "2011"]
[PlyCount "87"]
[EventDate "2023.01.17"]
[EventType "swiss (blitz)"]
[EventRounds "11"]
[EventCountry "USA"]
[SourceTitle "CBM 212 Extra"]
[Source "ChessBase"]
[SourceDate "2023.03.31"]
[SourceVersion "1"]
[SourceVersionDate "2023.03.31"]
[SourceQuality "1"]

1. e4 c5 2. Nf3 d6 3. d4 cxd4 4. Nxd4 Nf6 5. Nc3 a6 6. Be2 e5 7. Nb3 Be7 8. Be3 Be6 9. Nd5 Bxd5 10. exd5 Nbd7 11. 0-0 0-0 12. c4 Rc8 13. Qd2 Ne4 14. Qa5 Qe8 15. Rac1 Ndc5 16. Nxc5 Nxc5 17. b4 Ne4 18. f3 Ng5 19. h4 Nxf3+ 20. Bxf3 Bxh4 21. c5 dxc5 22. Bxc5 Be7 23. d6 Bg5 24. Rcd1 Qd7 25. Qb6 Rb8 26. Qc7 Qb5 27. d7 Rfd8 28. a4 Qxa4 29. Bxb7 Qc2 30. Bd5 Bf6 31. Rde1 Qa4 32. Bc6 Qa2 33. Rf2 Qe6 34. Ref1 Qg4 35. Ba7 Rxb4 36. Rxf6 gxf6 37. Qxd8+ Kg7 38. Qxf6+ Kg8 39. Qxf7+ Kh8 40. Qf8+ Qg8 41. Qxg8+ Kxg8 42. d8Q+ Kg7 43. Qf6+ Kg8 44. Qf8# 1-0